Local public finance and capacity building in Asia : issues and challenges

Uloženo v:
Podrobná bibliografie
Korporace: Kim, Junghun (Editor), Organisation for Economic Co-operation and Development, OECD (Paris, France) (Původce)
Další autoři: Dougherty, Sean (Editor)
Médium: Kniha
Jazyk:angličtina
Vydáno: Paris : Organisation for Economic Co-operation and Development, 2020
Edice:OECD fiscal federalism studies
Témata:
ISBN:9789264612068
ISSN:2225-403X
On-line přístup: Získat plný text
Tagy: Přidat tag
Žádné tagy, Buďte první, kdo vytvoří štítek k tomuto záznamu!

MARC

LEADER 00000nam a2200000 4500
003 SK-BrCVT
005 20220618105137.0
006 ad e 000 0
008 210517s2020####fr d e 000 0eng#d
020 |a 9789264612068   |q (brož.)  |c 50,00 
022 |a 2225-403X 
035 |a CVTIDW0076903 
040 |a CVT  |b slo  |c CVT  |e AACR2 
041 0 |a eng 
044 |a fr  |c FR 
072 0 |a 33 
080 |a 338.486.6  |2 2011 
110 1 |a Kim, Junghun  |4 edt 
245 1 0 |a Local public finance and capacity building in Asia :  |b issues and challenges  |c Organisation for Economic Co-operation and Development 
260 |a Paris :  |b Organisation for Economic Co-operation and Development,  |c 2020 
300 |a 208 s.:  |b grafy;  |c 28 cm 
490 0 |a OECD fiscal federalism studies 
610 0 7 |a Organizácia pre hospodársku spoluprácu a rozvoj (Paríž, Francúzsko)  |2 CVTISR 
653 1 |a financovanie 
653 1 |a decentralizácia 
655 7 |a prehľady  |2 SNKPH 
700 1 |a Dougherty, Sean  |4 edt 
710 1 |a Organisation for Economic Co-operation and Development, OECD (Paris, France)  |4 org 
760 1 |t OECD fiscal federalism studies 
852 |a CVTISR  |b 1 
856 4 |u http://ezproxy.cvtisr.sk/login.php?url=https://doi.org/10.1787/a944b17e-en 
910 |b E004656 
919 |a 978-92-64-61206-8 
959 |a o15 
959 |a 03 
974 |a rita.zubonyaiova  |f Knihy 
992 |a APH 
999 |c 255766  |d 255766